[Event "5th SPICE Cup GpB"]
[Site "Lubbock USA"]
[Date "2011.10.15"]
[Round "1"]
[White "Ippolito,D"]
[Black "Milman,L"]
[Result "1-0"]
[WhiteElo "2477"]
[BlackElo "2452"]
[EventDate "2011.10.15"]

1. d4 Nf6 2. c4 e6 3. g3 d5 4. Nf3 Bb4+ 5. Bd2 Be7 6. Bg2 O-O 7. O-O c6 8.
Qb3 Nbd7 9. Bg5 b6 10. Rd1 Bb7 11. Nc3 Rc8 12. Rac1 a6 13. Bxf6 Nxf6 14.
Ne5 b5 15. c5 a5 16. e4 Qc7 17. exd5 exd5 18. Re1 Rce8 19. a3 Nd7 20. Nxd5
cxd5 21. c6 Nxe5 22. cxb7 Nc4 23. Qxb5 Qd6 24. Bxd5 Nb6 25. Bc6 Qxc6 1-0

[Event "5th SPICE Cup GpB"]
[Site "Lubbock USA"]
[Date "2011.10.15"]
[Round "1"]
[White "Mogranzini,R"]
[Black "Bykhovsky,An ISR"]
[Result "0-1"]
[WhiteElo "2439"]
[BlackElo "2521"]
[EventDate "2011.10.15"]

1. c4 e5 2. g3 Nf6 3. Bg2 Nc6 4. Nc3 Bb4 5. Nd5 O-O 6. Nf3 Re8 7. O-O a5 8.
d3 h6 9. a3 Bc5 10. b3 d6 11. Bb2 Nxd5 12. cxd5 Nd4 13. e3 Nxf3+ 14. Bxf3
Bb6 15. Bg2 f5 16. Qh5 Bd7 17. Rae1 Qg5 18. Qd1 Qg6 19. Kh1 a4 20. b4 e4
21. dxe4 fxe4 22. Qe2 Re7 23. Rc1 Rf8 24. Kg1 h5 25. h3 h4 26. g4 Ref7 27.
Rc4 Bb5 28. Bc1 c6 29. Qa2 cxd5 30. Rc2 Bd3 31. Rd2 Bxf1 32. Bxf1 Bxe3 33.
Rxd5 Bxc1 34. Rf5 Kh7 35. Rh5+ Bh6 0-1

[Event "5th SPICE Cup GpB"]
[Site "Lubbock USA"]
[Date "2011.10.15"]
[Round "1"]
[White "Arnold,Mar"]
[Black "Yang,Dar"]
[Result "1/2-1/2"]
[WhiteElo "2505"]
[BlackElo "2439"]
[EventDate "2011.10.15"]

1. e4 e6 2. d4 d5 3. Nd2 c5 4. exd5 exd5 5. Bb5+ Nc6 6. Ngf3 Bd6 7. dxc5
Bxc5 8. O-O Nge7 9. Nb3 Bd6 10. h3 O-O 11. Re1 h6 12. c3 Nf5 13. Bd3 Qf6
14. Bc2 Rd8 15. Qd3 g6 16. Qd1 Bf8 17. Be3 Nxe3 18. Rxe3 h5 19. Re1 Bd7 20.
Nbd4 Nxd4 21. Qxd4 Qxd4 22. Nxd4 Bg7 23. Rad1 Re8 24. Ne2 Bc6 25. Bb3 Rad8
26. Nd4 1/2-1/2

[Event "5th SPICE Cup GpB"]
[Site "Lubbock USA"]
[Date "2011.10.16"]
[Round "2"]
[White "Yang,Dar"]
[Black "Mogranzini,R"]
[Result "0-1"]
[WhiteElo "2439"]
[BlackElo "2439"]
[EventDate "2011.10.15"]

1. d4 Nf6 2. c4 c5 3. d5 b5 4. cxb5 a6 5. b6 d6 6. Nc3 Nbd7 7. e4 g6 8. Nf3
Rb8 9. Be2 Bg7 10. O-O O-O 11. Qc2 Qxb6 12. Nd2 Ne5 13. Kh1 g5 14. a4 h6
15. Ra3 Bg4 16. f3 Bh5 17. Nc4 Nxc4 18. Bxc4 Bg6 19. a5 Qa7 20. Qe2 Ra8 21.
Na4 Nd7 22. f4 gxf4 23. Rxf4 Qc7 24. Bd2 Ne5 25. Nb6 Rab8 26. Bxa6 Rxb6 27.
axb6 Qxb6 28. Bc3 Rb8 29. Rf1 Kh7 30. h3 Qd8 31. Bc4 Bf6 32. Rfa1 Qf8 33.
Bb5 h5 34. Ra7 Qh6 35. Bd7 Qg5 36. Rf1 Nxd7 37. Rxd7 Be5 38. Qf2 Bxc3 39.
bxc3 Kg7 40. Qf4 Qxf4 41. Rxf4 Rb1+ 42. Kh2 Kf8 43. Rd8+ Kg7 44. Rd7 Kf8
45. e5 dxe5 46. Rc4 Rb2 47. Kg3 Rd2 48. Rxc5 Be4 49. Rc8+ Kg7 50. Rxe7
Rxg2+ 51. Kh4 Bxd5 52. Rxe5 Be6 53. Rc7 Kg6 54. Rxh5 Re2 55. Rcc5 Re3 56.
Rcg5+ Kf6 57. Rh6+ Ke7 58. Rg3 Re4+ 59. Kg5 Rc4 60. Rh4 f6+ 0-1

[Event "5th SPICE Cup GpB"]
[Site "Lubbock USA"]
[Date "2011.10.16"]
[Round "2"]
[White "Sevillano,E"]
[Black "Boros,De"]
[Result "1-0"]
[WhiteElo "2490"]
[BlackElo "2508"]
[EventDate "2011.10.15"]

1. e4 e5 2. Nf3 Nc6 3. Bb5 g6 4. c3 Nge7 5. d4 exd4 6. Nxd4 Bg7 7. Be3 O-O
8. O-O d6 9. Na3 Ne5 10. Bg5 f6 11. Bh4 g5 12. Bg3 f5 13. exf5 Nxf5 14.
Nxf5 Rxf5 15. Be2 Kh8 16. Nc2 Rf8 17. Nd4 c6 18. Qd2 g4 19. Rae1 Bd7 20.
Bd1 c5 21. Nc2 Nc4 22. Qc1 Qf6 23. Ne3 Bh6 24. b3 Nxe3 25. fxe3 Qe6 26. Bf4
Bg7 27. c4 Bc6 28. Qd2 Rad8 29. Bg5 Rde8 30. Rf4 h6 31. Rxf8+ Rxf8 32. Bf4
Be5 33. Qf2 Bg7 34. Qg3 Qe4 35. Bxg4 Bd4 36. Bxh6 Rg8 37. h3 Be5 38. Bf4
Bf6 39. Bxd6 Bd7 40. Rf1 Bxg4 41. Rxf6 Bf3 42. Rh6+ 1-0

[Event "5th SPICE Cup GpB"]
[Site "Lubbock USA"]
[Date "2011.10.16"]
[Round "2"]
[White "Milman,L"]
[Black "Arnold,Mar"]
[Result "1/2-1/2"]
[WhiteElo "2452"]
[BlackElo "2505"]
[EventDate "2011.10.15"]

1. e4 c5 2. Nf3 d6 3. d4 cxd4 4. Nxd4 Nf6 5. Nc3 Nbd7 6. g4 h6 7. h4 Nb6 8.
g5 hxg5 9. Bxg5 a6 10. Qe2 Nh7 11. Be3 e5 12. Nb3 Nf6 13. O-O-O Be7 14. f3
Qc7 15. Kb1 Be6 16. Bh3 Bxh3 17. Rxh3 g6 18. Qf2 Nbd7 19. Bg5 b5 20. a3 Qb7
21. f4 Nxe4 22. Nxe4 Qxe4 23. Bxe7 Kxe7 24. Qd2 d5 25. fxe5 Rac8 26. Nd4
Qg4 27. Re3 Nc5 28. e6 fxe6 29. Rde1 Ne4 30. Qb4+ Kd7 31. Nf3 Qf5 32. Qd4
Ke7 33. Qa7+ Kf6 34. Ng5 Rxh4 35. Nxe4+ Rxe4 36. Rxe4 dxe4 37. Qd4+ e5 38.
Qd6+ Kg7 39. Qxa6 e3 40. Qb7+ Kg8 41. Qd5+ Kg7 42. Qb7+ 1/2-1/2

[Event "5th SPICE Cup GpB"]
[Site "Lubbock USA"]
[Date "2011.10.16"]
[Round "3"]
[White "Ippolito,D"]
[Black "Sevillano,E"]
[Result "0-1"]
[WhiteElo "2477"]
[BlackElo "2490"]
[EventDate "2011.10.15"]

1. d4 Nf6 2. c4 c5 3. d5 e6 4. Nc3 exd5 5. cxd5 d6 6. e4 g6 7. f4 Bg7 8.
Bb5+ Nfd7 9. a4 O-O 10. Nf3 Na6 11. O-O Nb4 12. Re1 a6 13. Bf1 Re8 14. Qb3
Nf6 15. Bc4 Bg4 16. Nd2 Nh5 17. Nf1 Bd4+ 18. Be3 Qf6 19. g3 Bf3 20. Bf2 Re7
21. Nd2 Bg4 22. Nd1 Rae8 23. Ne3 Bc8 24. e5 dxe5 25. Ne4 Qg7 26. d6 Rd7 27.
fxe5 Rxe5 28. Ng4 Rf5 29. Nef6+ Nxf6 30. Bxd4 cxd4 31. Nxf6+ Qxf6 32. Re8+
Kg7 33. Qxb4 a5 34. Qd2 Rc5 35. Rf1 Qxd6 36. Qe2 d3 37. Bxd3 Qxd3 38. Rxf7+
Kh6 39. Qxd3 Rxd3 40. Ree7 Rd1+ 41. Kg2 Rc2+ 0-1

[Event "5th SPICE Cup GpB"]
[Site "Lubbock USA"]
[Date "2011.10.16"]
[Round "3"]
[White "Mogranzini,R"]
[Black "Milman,L"]
[Result "1/2-1/2"]
[WhiteElo "2439"]
[BlackElo "2452"]
[EventDate "2011.10.15"]

1. c4 Nf6 2. g3 e5 3. Bg2 Bc5 4. Nc3 Nc6 5. Nf3 d6 6. O-O O-O 7. d3 h6 8.
a3 a5 9. b3 Nd4 10. e3 Nxf3+ 11. Bxf3 c6 12. d4 Bb6 13. Bb2 1/2-1/2

[Event "5th SPICE Cup GpB"]
[Site "Lubbock USA"]
[Date "2011.10.17"]
[Round "4"]
[White "Milman,L"]
[Black "Bykhovsky,An ISR"]
[Result "0-1"]
[WhiteElo "2452"]
[BlackElo "2521"]
[EventDate "2011.10.15"]

1. e4 c5 2. Nf3 e6 3. d4 cxd4 4. Nxd4 a6 5. Bd3 Bc5 6. Nb3 Ba7 7. O-O Nc6
8. Qg4 Nf6 9. Qxg7 Rg8 10. Qh6 Ne5 11. Be2 Rg6 12. Qh4 Qc7 13. Nc3 b5 14.
a3 Neg4 15. g3 Bb7 16. Bg5 Nxf2 17. Rxf2 Bxf2+ 18. Kxf2 Rxg5 19. Qxg5 Qxc3
20. bxc3 Nxe4+ 21. Ke3 Nxg5 22. a4 Rc8 23. axb5 axb5 24. Ra7 Rxc3+ 25. Kd4
Rxc2 26. Bd3 Nf3+ 27. Ke3 Rc3 28. Nd4 Ne5 29. Rxb7 Rxd3+ 30. Ke4 f6 31.
Rb8+ Ke7 32. Rb7 Kd8 0-1

[Event "5th SPICE Cup GpB"]
[Site "Lubbock USA"]
[Date "2011.10.17"]
[Round "4"]
[White "Boros,De"]
[Black "Ippolito,D"]
[Result "1-0"]
[WhiteElo "2508"]
[BlackElo "2477"]
[EventDate "2011.10.15"]

1. Nf3 d5 2. d4 Nf6 3. c4 e6 4. Nc3 Be7 5. g3 O-O 6. Bg2 dxc4 7. O-O Nc6 8.
e3 Bd6 9. Qa4 e5 10. d5 Ne7 11. Qxc4 c6 12. dxc6 Nxc6 13. Rd1 Qe7 14. Ng5
Bf5 15. Nge4 Nxe4 16. Nxe4 Rad8 17. Bd2 Be6 18. Qb5 Bb4 19. Bxb4 Qxb4 20.
Qxb4 Nxb4 21. a3 Nd3 22. Rd2 b6 23. b4 f5 24. Nc3 e4 25. Nb5 a6 26. Nd4 Bc4
27. Bf1 Rc8 28. Rc2 g6 29. Be2 Kf7 30. g4 Kf6 31. a4 h5 32. g5+ Kf7 33. b5
a5 34. Rac1 1-0

[Event "5th SPICE Cup GpB"]
[Site "Lubbock USA"]
[Date "2011.10.17"]
[Round "4"]
[White "Amanov,M"]
[Black "Yang,Dar"]
[Result "0-1"]
[WhiteElo "2541"]
[BlackElo "2439"]
[EventDate "2011.10.15"]

1. d4 Nf6 2. c4 e6 3. Nf3 b6 4. g3 Ba6 5. Qc2 Bb7 6. Bg2 c5 7. d5 exd5 8.
cxd5 Nxd5 9. O-O Be7 10. Rd1 Nc6 11. Qf5 Nf6 12. e4 g6 13. Qf4 O-O 14. e5
Nh5 15. Qc4 Qc7 16. Bh6 Rfd8 17. Nc3 Na5 18. Qe2 d5 19. exd6 Bxd6 20. Nd5
Bxd5 21. Rxd5 Bf8 22. Rxd8 Rxd8 23. Bg5 Rd5 24. h4 h6 25. Be3 Bg7 26. Re1
Rd8 27. Nh2 Nc6 28. g4 Nf6 29. Qb5 Nd4 30. Qc4 Qd7 31. g5 hxg5 32. hxg5 Ng4
33. Bh3 Ne5 34. Qf1 Nef3+ 35. Kh1 Qd6 0-1

[Event "5th SPICE Cup GpB"]
[Site "Lubbock USA"]
[Date "2011.10.17"]
[Round "5"]
[White "Arnold,Mar"]
[Black "Boros,De"]
[Result "1/2-1/2"]
[WhiteElo "2505"]
[BlackElo "2508"]
[EventDate "2011.10.15"]

1. d4 f5 2. c4 e6 3. Nf3 Nf6 4. g3 g6 5. Bg2 Bg7 6. Nc3 d6 7. O-O O-O 8. b3
Ne4 9. Bb2 Nc6 10. Rc1 a5 11. d5 Nb4 12. a3 Na2 13. Nxe4 Bxb2 14. Rc2 fxe4
15. Rxb2 Nc3 16. Qd2 exf3 17. exf3 Nxd5 18. cxd5 e5 19. Rc1 Bf5 20. f4 exf4
21. Qxf4 Bh3 22. Qd4 Bxg2 23. Kxg2 Qe7 24. Rbc2 Rac8 25. Qd2 Rf5 26. Re1
Re5 27. Rxe5 Qxe5 28. Rc1 c6 29. Qxa5 Re8 30. Qd2 Qe4+ 31. Kg1 c5 32. b4 b6
33. Rd1 1/2-1/2

[Event "5th SPICE Cup GpB"]
[Site "Lubbock USA"]
[Date "2011.10.17"]
[Round "5"]
[White "Mogranzini,R"]
[Black "Sevillano,E"]
[Result "1-0"]
[WhiteElo "2439"]
[BlackElo "2490"]
[EventDate "2011.10.15"]

1. e4 e6 2. d4 d5 3. Nd2 Nf6 4. e5 Nfd7 5. Bd3 c5 6. c3 Nc6 7. Ne2 cxd4 8.
cxd4 f6 9. exf6 Nxf6 10. Nf3 Bd6 11. O-O O-O 12. Bf4 Bxf4 13. Nxf4 Ng4 14.
Qd2 Qd6 15. g3 Bd7 16. Rfe1 g6 17. Bb5 e5 18. dxe5 Ncxe5 19. Nxe5 Nxe5 20.
Rxe5 Bxb5 21. Rxd5 Qb6 22. Rd6 Bc6 23. Nd5 Qc5 24. Ne7+ Kg7 25. Rc1 Qe5 26.
Nxc6 bxc6 27. Re1 Qc5 28. Re7+ Rf7 29. Rxf7+ Kxf7 30. Rd7+ Kg8 31. Qh6 1-0

[Event "5th SPICE Cup GpB"]
[Site "Lubbock USA"]
[Date "2011.10.17"]
[Round "5"]
[White "Yang,Dar"]
[Black "Milman,L"]
[Result "1-0"]
[WhiteElo "2439"]
[BlackElo "2452"]
[EventDate "2011.10.15"]

1. d4 Nf6 2. c4 e6 3. Nc3 Bb4 4. e3 b6 5. Nge2 c5 6. a3 Ba5 7. Rb1 Qe7 8.
Ng3 O-O 9. Bd3 d5 10. O-O Bxc3 11. bxc3 Nc6 12. cxd5 exd5 13. f3 Be6 14.
Rb2 Rac8 15. Re2 Rfd8 16. Ree1 g6 17. Bb1 Ne8 18. Kh1 Rd7 19. Ne2 Na5 20.
e4 dxe4 21. fxe4 cxd4 22. cxd4 Bb3 23. Qd2 Bc4 24. Bb2 Ba6 25. d5 Nc4 26.
Qd3 Nxb2 27. Qxa6 Rc5 28. Nd4 Nc4 29. Nc6 Qf8 30. Ba2 Na5 31. Nb4 Rc3 32.
e5 Rxa3 33. e6 Rc7 34. exf7+ Rxf7 35. Rxf7 Qxf7 36. Qc8 Re3 37. Rd1 Kg7 38.
Qc1 Re4 39. d6 Qf6 40. d7 Nd6 41. Qc7 Nb5 42. d8=Q+ Nxc7 43. Qxc7+ Re7 44.
Qc1 Qf2 45. Qc3+ Kh6 46. Qh3+ Kg7 47. Qc3+ Kh6 48. h3 Nb7 49. Bd5 Nc5 50.
Bf3 Ne4 51. Qc1+ Ng5 52. Nd5 Rf7 53. Ne3 Kg7 54. Qc3+ Rf6 55. Ng4 1-0

[Event "5th SPICE Cup GpB"]
[Site "Lubbock USA"]
[Date "2011.10.18"]
[Round "6"]
[White "Amanov,M"]
[Black "Milman,L"]
[Result "1/2-1/2"]
[WhiteElo "2541"]
[BlackElo "2452"]
[EventDate "2011.10.15"]

1. d4 Nf6 2. Nf3 e6 3. c4 b6 4. g3 Bb7 5. Bg2 c5 6. d5 exd5 7. Nh4 g6 8.
cxd5 d6 9. O-O Bg7 10. Nc3 O-O 11. h3 Re8 12. e4 a6 13. a4 Nbd7 14. Re1 c4
15. Be3 Rc8 16. f4 Nc5 17. Bxc5 Rxc5 18. Nf3 Nd7 19. Nd4 b5 20. axb5 axb5
21. Kh2 Qb6 22. Qd2 h5 23. Re2 Ra8 24. Rxa8+ Bxa8 25. Re1 Bb7 26. Ra1 Bh6
27. g4 hxg4 28. hxg4 Bg7 29. g5 Ba6 30. Nc6 Bb7 31. Nd4 Ba6 32. Nc6 Bb7 33.
Na2 Qc7 34. Qf2 Nb8 35. Nd4 Qb6 36. Nb4 c3 37. Nb3 cxb2 38. Rb1 Rc6 39.
Rxb2 Bxb2 40. Qxb2 Rc4 41. Nd2 Rc8 42. e5 Qe3 43. e6 Qxf4+ 44. Kg1 fxe6 45.
Nd3 Qe3+ 46. Nf2 Qxg5 47. Nfe4 Qe3+ 48. Kh1 Bxd5 49. Qf6 Qh6+ 50. Kg1 Nd7
51. Qe7 Qe3+ 52. Kh2 Qf4+ 53. Kh3 Ra8 54. Qxd7 Ra3+ 55. Bf3 Rxf3+ 56. Nxf3
Qxf3+ 57. Ng3 Qg2+ 58. Kg4 Qf3+ 59. Kh3 Qf4 60. Qe8+ Kg7 61. Nh5+ gxh5 62.
Qg6+ Kf8 63. Qe8+ Kg7 1/2-1/2

[Event "5th SPICE Cup GpB"]
[Site "Lubbock USA"]
[Date "2011.10.18"]
[Round "6"]
[White "Boros,De"]
[Black "Mogranzini,R"]
[Result "0-1"]
[WhiteElo "2508"]
[BlackElo "2439"]
[EventDate "2011.10.15"]

1. e4 c5 2. Nf3 Nc6 3. d4 cxd4 4. Nxd4 g6 5. c4 Nf6 6. Nc3 Bg7 7. Be3 O-O
8. Be2 b6 9. O-O Bb7 10. Ndb5 d6 11. f3 Qd7 12. Qd2 Rfd8 13. Rfd1 Ne8 14.
Nd5 e6 15. Ndc3 Qe7 16. Rac1 Rd7 17. Bf1 Ne5 18. b3 a6 19. Nd4 Rb8 20. Na4
Ba8 21. Nc2 b5 22. Nb6 Rdb7 23. Nxa8 Rxa8 24. cxb5 axb5 25. Nb4 h5 26. Be2
Kh7 27. h3 Nd7 28. f4 Nc5 29. Qc2 Qh4 30. e5 Na6 31. Nxa6 Rxa6 32. Qc8 Qe7
33. Bxb5 Rxa2 34. Qxe8 Qh4 35. Qc6 Rxb5 36. Qxb5 Qg3 37. Qf1 Qxe3+ 38. Kh1
Rf2 39. Qd3 Qxf4 40. exd6 Be5 41. Kg1 Rb2 42. Rc2 Qh2+ 43. Kf1 Bd4 44. Qxd4
Rxc2 45. Rd2 Rc1+ 46. Kf2 e5 47. Qe3 Qg1+ 48. Kf3 Rf1+ 49. Rf2 e4+ 50. Kg3
h4+ 51. Kxh4 Qxf2+ 0-1

[Event "5th SPICE Cup GpB"]
[Site "Lubbock USA"]
[Date "2011.10.18"]
[Round "6"]
[White "Ippolito,D"]
[Black "Arnold,Mar"]
[Result "1-0"]
[WhiteElo "2477"]
[BlackElo "2505"]
[EventDate "2011.10.15"]

1. d4 Nf6 2. c4 e6 3. Nc3 Bb4 4. g3 O-O 5. Bg2 Qe7 6. Qc2 d6 7. a3 Bxc3+ 8.
Qxc3 e5 9. dxe5 dxe5 10. Nf3 Re8 11. O-O a5 12. b3 Nc6 13. Bb2 Bg4 14. h3
Bf5 15. Rad1 Qc5 16. Kh2 h6 17. Ne1 Qb6 18. Nc2 Be4 19. f3 Bxc2 20. Qxc2
Nd4 21. Bxd4 exd4 22. c5 Qb5 23. Rfe1 Nd5 24. Rxd4 Ne3 25. Qb2 Qxc5 26. Rc1
Qe7 27. Bh1 Nf5 28. Re4 Qg5 29. Rg1 Rxe4 30. fxe4 Ne7 31. Rd1 Ra6 32. Qd2
Qe5 33. Qf4 Ng6 34. Rd8+ Kh7 35. Qxf7 Qe6 36. Rd7 Qxf7 37. Rxf7 Rb6 38. e5
Rxb3 39. Rxc7 Re3 40. Bxb7 Nxe5 41. Rc5 Rxe2+ 42. Kg1 Re1+ 43. Kg2 a4 44.
Ba6 Nf7 45. Bd3+ g6 46. Rc7 Kg8 47. Bc4 Ra1 48. Rxf7 Rc1 49. Rf4+ Kg7 50.
Be2 Rc2 51. Kf2 1-0

[Event "5th SPICE Cup GpB"]
[Site "Lubbock USA"]
[Date "2011.10.18"]
[Round "7"]
[White "Mogranzini,R"]
[Black "Ippolito,D"]
[Result "1/2-1/2"]
[WhiteElo "2439"]
[BlackElo "2477"]
[EventDate "2011.10.15"]

1. c4 e5 2. g3 Nf6 3. Bg2 c6 4. d4 exd4 5. Qxd4 Na6 6. Nf3 Bc5 7. Qe5+ Qe7
8. Qxe7+ Bxe7 9. Nc3 d5 10. cxd5 Nb4 11. O-O Nbxd5 12. Bd2 1/2-1/2

[Event "5th SPICE Cup GpB"]
[Site "Lubbock USA"]
[Date "2011.10.18"]
[Round "7"]
[White "Bykhovsky,An ISR"]
[Black "Boros,De"]
[Result "1/2-1/2"]
[WhiteElo "2521"]
[BlackElo "2508"]
[EventDate "2011.10.15"]

1. d4 Nf6 2. c4 e6 3. Nf3 d5 4. Nc3 c5 5. cxd5 Nxd5 6. e3 Be7 7. Bd3 cxd4
8. exd4 b6 9. O-O Bb7 10. Ne5 O-O 11. Re1 Nd7 12. Nxd5 Bxd5 13. Qh5 f5 14.
Bf4 1/2-1/2

[Event "5th SPICE Cup GpB"]
[Site "Lubbock USA"]
[Date "2011.10.18"]
[Round "7"]
[White "Yang,Dar"]
[Black "Sevillano,E"]
[Result "0-1"]
[WhiteElo "2439"]
[BlackElo "2490"]
[EventDate "2011.10.15"]

1. d4 Nf6 2. c4 c5 3. d5 e6 4. Nc3 exd5 5. cxd5 d6 6. e4 g6 7. h3 Bg7 8.
Nf3 O-O 9. Bd3 a6 10. a4 Nh5 11. O-O Nd7 12. Bg5 Bf6 13. Be3 Re8 14. Qc2
Rb8 15. Nd2 g5 16. e5 Nxe5 17. Bxh7+ Kg7 18. Nce4 Nf4 19. Ng3 Neg6 20. Bxg6
fxg6 21. Nde4 Be5 22. Qd2 Rh8 23. Rfe1 b6 24. Ne2 Rh4 25. f3 Bf5 26. Nf2
Qf6 27. Nc3 Rbh8 28. Nce4 Bxe4 29. Nxe4 Nxh3+ 30. gxh3 Rxh3 31. Qg2 Qf5 32.
Nxg5 Rg3 33. Qxg3 Bxg3 34. Re2 Rh5 35. f4 Qd3 36. Ne6+ Kg8 0-1

[Event "5th SPICE Cup GpB"]
[Site "Lubbock USA"]
[Date "2011.10.19"]
[Round "8"]
[White "Boros,De"]
[Black "Yang,Dar"]
[Result "0-1"]
[WhiteElo "2508"]
[BlackElo "2439"]
[EventDate "2011.10.15"]

1. c4 c5 2. Nf3 Nc6 3. e3 e5 4. Nc3 Nf6 5. Be2 d5 6. cxd5 Nxd5 7. Bb5 Nxc3
8. bxc3 Bd6 9. e4 O-O 10. Bc4 Rb8 11. Rb1 a6 12. a4 Qa5 13. d3 b5 14. axb5
axb5 15. Bd5 Ne7 16. O-O Nxd5 17. exd5 Qa2 18. Rb3 Bf5 19. c4 Qa6 20. Ra3
Qc8 21. Ng5 bxc4 22. dxc4 h6 23. Nh3 Rb4 24. Qe2 Bg4 25. Qa2 Qf5 26. Ra6
Qg6 27. Kh1 Bc8 28. Ra3 Qe4 29. Kg1 Qxc4 30. Qd2 Rb3 31. Re1 Rxa3 32. Bxa3
Bxh3 33. gxh3 Qd4 34. Rd1 Qxd2 35. Rxd2 Ra8 36. Bc1 Ra4 37. Kg2 Rd4 38. Rb2
f5 39. Rb7 Rxd5 40. Rd7 Rd3 41. Bb2 c4 42. h4 Kf8 43. Rd8+ Ke7 44. Rc8 Rb3
45. Ba1 Ra3 46. Bb2 Ra2 47. Bc3 Rc2 48. Ba5 e4 49. Bb6 f4 50. Kh3 Kd7 51.
Rd8+ Kc6 52. Bd4 Rd2 53. Bxg7 h5 54. f3 exf3 55. Bd4 c3 56. Bxc3 f2 57. Kg2
Rd1 58. Kxf2 Bc5+ 59. Bd4 Rxd4 60. Rc8+ Kd5 61. Kf3 Bd6 62. Rc3 Ke5 63. Rb3
Kf5 64. h3 Ra4 65. Rb5+ Be5 66. Rb3 Rc4 67. Rb7 Rc3+ 68. Kg2 Ke4 69. Rb4+
Bd4 70. Rb1 Rc2+ 71. Kf1 Be3 72. Re1 Kf3 73. Re2 Rc1+ 0-1

[Event "5th SPICE Cup GpB"]
[Site "Lubbock USA"]
[Date "2011.10.19"]
[Round "9"]
[White "Milman,L"]
[Black "Boros,De"]
[Result "1/2-1/2"]
[WhiteElo "2452"]
[BlackElo "2508"]
[EventDate "2011.10.15"]

1. e4 c5 2. Nf3 Nc6 3. d4 cxd4 4. Nxd4 Qb6 5. Nb3 Nf6 6. Nc3 e6 7. Be3 Qc7
8. Bd3 Bb4 9. O-O Bxc3 10. bxc3 d5 11. exd5 Nxd5 12. Bc5 b6 1/2-1/2

[Event "5th SPICE Cup GpB"]
[Site "Lubbock USA"]
[Date "2011.10.19"]
[Round "9"]
[White "Yang,Dar"]
[Black "Ippolito,D"]
[Result "1/2-1/2"]
[WhiteElo "2439"]
[BlackElo "2477"]
[EventDate "2011.10.15"]

1. d4 d5 2. c4 e6 3. Nc3 Be7 4. cxd5 exd5 5. Bf4 c6 6. e3 Bf5 7. Nge2 Nd7
8. Ng3 Be6 9. Nh5 Bf8 10. Bg3 Ndf6 11. Nf4 Bf5 12. Bd3 Bxd3 13. Qxd3 Bd6
14. O-O Ne7 15. f3 Ng6 16. Nfe2 Bxg3 17. hxg3 O-O 1/2-1/2

[Event "5th SPICE Cup GpB"]
[Site "Lubbock USA"]
[Date "2011.10.19"]
[Round "9"]
[White "Mogranzini,R"]
[Black "Amanov,M"]
[Result "1-0"]
[WhiteElo "2439"]
[BlackElo "2541"]
[EventDate "2011.10.15"]

1. c4 e6 2. g3 d5 3. Bg2 Nf6 4. Nf3 dxc4 5. Na3 Bxa3 6. bxa3 O-O 7. Bb2 Nc6
8. Qc2 Re8 9. Qxc4 e5 10. O-O Be6 11. Qh4 Nd7 12. Rfc1 Bd5 13. Qa4 Nb6 14.
Qg4 Bxf3 15. Bxf3 Qxd2 16. Rab1 Qd6 17. Be4 Qe6 18. Qf3 Rad8 19. Rc2 Nc4
20. Bf5 Nd2 21. Rxd2 Qxa2 22. Ra1 Qxa1+ 23. Bxa1 Rxd2 24. Bc3 Rd6 25. Be4
g6 26. Bd5 Re7 27. h4 h5 28. Bc4 a6 29. e3 Red7 30. Kg2 b5 31. Bb3 a5 32.
Bxa5 Nxa5 33. Qa8+ Kg7 34. Qxa5 c6 35. Qc3 Rf6 36. f4 e4 37. Bc2 Re7 38. g4
hxg4 39. Kg3 Ree6 40. Kxg4 Kh7 41. Bxe4 c5 42. Bd5 Rb6 43. Qxc5 Ra6 44. e4
Kg8 45. e5 Rfb6 46. Bb7 1-0